Countries That Have Changed Their Names - Statistics

General Stats
  • This quiz has been taken 27 times
    17 since last reset
  • The average score is 14 of 19
Answer Stats
Old Name New Name % Correct
Swaziland Eswatini
100%
Macedonia North Macedonia
100%
British Honduras Belize
88%
Persia Iran
88%
Burma Myanmar
88%
East Timor Timor-Leste
88%
Turkey Turkiye
88%
Rhodesia Zimbabwe
88%
Zaire D.R. Congo
82%
Siam Thailand
82%
Kampuchea Cambodia
76%
Ceylon Sri Lanka
76%
Ivory Coast Côte d'Ivoire
71%
Cape Verde Cabo Verde
65%
Tanganyika Tanzania
65%
Bechuanaland Botswana
59%
Nyasaland Malawi
53%
Dahomey Benin
47%
Upper Volta Burkina Faso
41%
No matching quizzes found
Score Distribution
Percent of People with Each Score
Percentile by Number Answered
Your Score History
You have not taken this quiz since the last reset